A injustiça contada às crianças (Registo nº 4260)
[ vista simples ]
| 000 -Etiqueta do registo | |
|---|---|
| Cabeçalho | 00936cam a2200325 4500 |
| 005 - Identificador da versão | |
| Campo de controlo | 20240813122056.0 |
| 095 ## - | |
| -- | PTBN00998758 |
| 010 ## - Número internacional normalizado dos livros (ISBN) | |
| Número (ISBN) | 9727101879 |
| 021 ## - Número do Depósito Legal | |
| Código do país | PT |
| Número | 119351/98 |
| 100 ## - Dados gerais de processamento | |
| Dados gerais de processamento | 19980616d1998 a y0pory5003 ba |
| 102 ## - Pais de publicação ou produção | |
| País de publicação | Portugal |
| 101 1# - Língua de publicação | |
| Língua do texto, banda sonora, etc. | Português |
| Língua do documento no original | Francês |
| 106 ## - Campo de dados codificados: material textual | |
| Dados codificados do material textual | r |
| 105 ## - Campo de dados codificados: livros | |
| Dados codificados dos livros | a z 001yy |
| 215 ## - Descrição física | |
| Indicação específica da natureza do documento e extensão da espécie | 94, [1] p. |
| Outras indicações físicas | il. |
| Dimensões | 20 cm |
| 200 1# - Titulo e menção de responsabilidade | |
| Título próprio | A injustiça contada às crianças |
| Primeira menção de responsabilidade | Denis Langlois |
| Outras menções de responsabilidade | trad. Manuela Torres |
| -- | il. Françoise Boudignon |
| 225 1# - Colecção | |
| Título próprio da colecção | Caminhos da liberdade |
| Indicação de volume | 4 |
| 205 ## - Menção da edição | |
| Menção da edição | 1ª ed |
| 210 ## - Publicação, Distribuição, etc. | |
| Lugar da edição, distribuição, etc. | Lisboa |
| Nome do editor, distribuidor, etc. | Terramar |
| Data da publicação, distribuição, etc. | 1998 |
| 304 ## - Notas relativas a título e menção de responsabilidade | |
| Texto da nota | Tít. orig.: L'injustice racontée aux enfants |
| 675 ## - Classificação Decimal Universal (CDU) | |
| Notação | 087.5 |
| Edição | BN |
| Língua da edição | por |
| Notação | 342.7 |
| Edição | BN |
| Língua da edição | por |
| 702 #1 - Nome de autor-pessoa física (responsabilidade secundária) | |
| Número de registo de entrada de autoridade | 0000962 |
| Palavra de ordem | Boudignon |
| Outra parte do nome não tomada para palavra de ordem | Françoise |
| Código de função | Ilustrador / Técnico de desenho computorizado |
| Número de registo de entrada de autoridade | 0000514 |
| Palavra de ordem | Torres |
| Outra parte do nome não tomada para palavra de ordem | Manuela |
| Código de função | Tradutor |
| 700 #1 - Nome de autor-pessoa física (responsabilidade principal) | |
| Número de registo de entrada de autoridade | 0000965 |
| Palavra de ordem | Langlois |
| Outra parte do nome não tomada para palavra de ordem | Denis |
| 942 ## - Elementos de entrada adicionados (Koha) | |
| Tipo de item no Koha | Livro |
| Situação do levantamento | Origin of item (home branch) (coded) | Biblioteca de empréstimo | Código de barras | Cota | Circulation type (not for loan) | Tipo de documento | Nota do exemplar | Damaged status |
|---|---|---|---|---|---|---|---|---|
| Biblioteca Escolar das Vendas | Biblioteca Escolar das Vendas | BEV1193 | 3PED LAN | Livro | Sem mensagem |
